Geoguessr - Państwa Europy - Statystyki

Ogólne statystyki
  • Ten quiz został rozwiązany 97 razy
  • Średni wynik to 4 z 20
Statystyki odpowiedzi
Obrazkowy Odpowiedź % Poprawnych
Monako
79%
Włochy
57%
Polska
53%
Rosja
28%
Chorwacja
26%
Rumunia
25%
Grecja
19%
Albania
13%
Łotwa
13%
Słowenia
13%
Węgry
13%
Francja
12%
Litwa
12%
Hiszpania
10%
Estonia
9%
Norwegia
9%
Czechy
7%
Wyspy Owcze
6%
Belgia
3%
Islandia
1%
Nie znaleziono quizów pasujących do podanych kryteriów
Rozkład punktacji
Procent ludzi z każdym wynikiem
Percentyl według liczby udzielonych odpowiedzi
Twoja historia wyników
Nie rozwiązałeś tego quizu